000 00501nam a2200181Ia 4500
005 20260415160336.0
008 008 250505s9999 xx 000 0 eng d
037 _aTextual
040 _aFEDL
_beng
_cFEDL
041 _aeng
_2eng
084 _a891.43 KEA
_qFEDL
100 _aKeay F E
245 0 _aHistory of hindi literature
260 _aLondon, UK
_bOxford University Press
_c1933
300 _a107p.
942 _cTEXL
_h891.43 KEA
999 _c1321883
_d1321883